LEADER 01177nam a2200241 i 4500 001 000000250736 003 CaOOAMICUS 005 20160817000000.0 008 160817s1828 it u000 u ita u 013 $a229641 026 $ae.l- aeer tel- ri(1 (3) 1828 (R) 040 $aSeMil$bita 245 10$aVol. 2. 300 $a[4], 319, [1] p. 490 0 $aBiblioteca scelta di opere greche e latine tradotte in lingua italiana ;$v18 500 $aLascito Card. C.M. Martini. 773 0 $aCicero, Marcus Tullius <106-43 a.C.>$tTre libri dell'Oratore di M. T. Cicerone recati in lingua italiana a riscontro del testo da Giuseppe Ant. Cantova con note e osservazioni su varj passi ... Volume 1. [-2.].$dMilano : Per Giovanni Silvestri, 1828.$kBiblioteca scelta di opere greche e latine tradotte in lingua italiana$g2$w()18321 830 0$aBiblioteca scelta di opere greche e latine tradotte in lingua italiana ;$v18.$0(OLS)http://semarc/title/35581 850 $aSeMil 852 $aSeMil$W1$xVenegono$y1$m1C II 13 FA$j201082$B201082$CSeMilBibl$Z2$F212838 $8I 941 1 $a4 961 $aLascito: Martini Card. Carlo Maria 996 $6245$aVol. 2$9(OLS)http://semarc/title/13458 LEADER 00698nam a2200181 i 4500 001 000000055904 003 CaOOAMICUS 005 19970717000000.0 008 970717n xx u000 u fre u 013 $a27076 040 $aSeMil$bita 100 1 $aDecourtray, Albert .$0(OLS)http://semarc/name/25261 245 10$aFoi et raison chez Malebranche. 600 14$aMalebranche, Nicolas : de <1638-1715>.$0(OLS)http://semarc/subject/1220 650 4$aTesi di laurea.$0(OLS)http://semarc/subject/1690 850 $aSeMil 852 $aSeMil$W1$xVenegono$y1$m2I IV 60$j22058$B22058$CSeMilBibl$Z2$F22060 $81 996 $6245$aFoi et raison chez Malebranche$9(OLS)http://semarc/title/86794